| 000 | 01003nam a2200253Ia 4500 | ||
|---|---|---|---|
| 999 |
_c52459 _d52459 |
||
| 001 | 19482 | ||
| 003 | GE_BSU | ||
| 005 | 20200329210749.0 | ||
| 008 | 181216s1976||||ge |||||||||||||| ||geo|| | ||
| 040 | _cGE_BSU | ||
| 041 | _ageo | ||
| 080 | _a811.353.1'367.625 ს-97 | ||
| 100 |
_aსუხიშვილი, მ. _97833 |
||
| 245 |
_aსტატიკური ზმნები ქართულში / _cმ. სუხიშვილი ; რედ. არნ. ჩიქობავა. |
||
| 264 |
_aთბილისი : _bმეცნიერება, _c1976. |
||
| 300 |
_a147გვ. ; _c21 სმ |
||
| 504 | _aბიბლიოგრ. : გვ. 144-145 | ||
| 520 | _a რუსულ ენაზე | ||
| 541 | _h1ლ.60თ. | ||
| 653 | _aსტატიკური ზმნები ქართულ ენაში | ||
| 653 | _aქართული ენა | ||
| 700 |
_aჩიქობავა, არნ. _eრედაქტორი _97708 |
||
| 942 |
_cBK _2udc |
||